| 000 | 00564cam a2200145 4500500 | ||
|---|---|---|---|
| 005 | 20260208020538.0 | ||
| 041 | _afre | ||
| 042 | _adc | ||
| 100 | 1 | 0 |
_aGabaude, Jean-Marc _eauthor |
| 245 | 0 | 0 | _aAndrée Lerousseau, Le judaïsme dans la philosophie allemande, 1770-1850, Paris, PUF, 2001, 355 p. |
| 260 | _c2002. | ||
| 500 | _a89 | ||
| 786 | 0 | _nRevue philosophique de la France et de l'étranger | 127 | 4 | 2002-12-01 | p. 433zzn-502zzn | 0035-3833 | |
| 856 | 4 | 1 | _uhttps://shs.cairn.info/revue-philosophique-2002-4-page-433zzn?lang=fr&redirect-ssocas=7080 |
| 999 |
_c1661038 _d1661038 |
||